|
|
|
|
| LEADER |
00974nam a2200241 a 4500 |
| 001 |
2925282 |
| 008 |
090909s1989 enka b 001 0 eng d |
| 010 |
|
|
|a 89008807
|
| 020 |
|
|
|a 0335092411
|
| 020 |
|
|
|a 033509240 (pbk.)
|
| 040 |
|
|
|a DLC
|c DLC
|d DLC
|
| 082 |
0 |
0 |
|a 379.1/54
|2 20
|
| 100 |
1 |
|
|a Hopkins, David,
|d 1949-
|
| 245 |
1 |
0 |
|a Evaluation for school development /
|c David Hopkins.
|
| 260 |
|
|
|a Milton Keynes [England] ;
|a Philadelphia :
|b Open University Press,
|c c1989.
|
| 300 |
|
|
|a x, 214 p. :
|b ill. ;
|c 24 cm.
|
| 504 |
|
|
|a Includes Bibliography (p. [200]-207) and index.
|
| 541 |
1 |
|
|e 00005103
|
| 650 |
|
0 |
|a Educational evaluation
|z Great Britain.
|
| 650 |
|
0 |
|a School improvement programs
|z Great Britain
|x Evaluation.
|
| 852 |
4 |
|
|a Ayesha Abed Library
|j General shelf
|
| 999 |
|
|
|c 4013
|d 4013
|
| 952 |
|
|
|0 0
|1 0
|2 ddc
|4 0
|6 379_154000000000000_HOP_1989
|7 0
|9 3696
|a BRACUL
|b BRACUL
|d 2009-10-01
|g 1120.00
|l 2
|m 16
|o 379.154 HOP
|p 3010005103
|r 2017-04-15
|s 2017-01-01
|t 1
|v 2240.00
|w 2009-10-01
|y BK
|